[Event "Reykjavik Open 2026"]
[Site "Reykjavik ISL"]
[Date "2026.03.25"]
[Round "1.118"]
[White "Jonatansson, Sigurdur Freyr"]
[Black "Laureano, Dereck"]
[Result "1/2-1/2"]
[WhiteElo "1684"]
[BlackElo "1891"]
[WhiteFideId "2303116"]
[BlackFideId "2076926"]
[EventDate "2026.03.25"]

1. e4 d5 2. d4 c6 3. f3 Qb6 4. exd5 cxd5 5. b3 Nc6 6. c3 Nf6 7. Ba3 g6 8. Bd3
Bg7 9. Qd2 O-O 10. Ne2 Re8 11. O-O e5 12. Bc5 Qc7 13. dxe5 Nxe5 14. Bd4 Nxd3 15.
Qxd3 Bf5 16. Qd2 Re7 17. Ng3 Bd7 18. Na3 Rae8 19. Nc2 h5 20. Rfe1 h4 21. Nf1 h3
22. Rxe7 Rxe7 23. Re1 hxg2 24. Qxg2 Rxe1 25. Nxe1 Nh5 26. Bxg7 Kxg7 27. Qd2 Nf4
28. Ne3 Qe5 29. N1g2 Nh3+ 30. Kh1 Be6 31. Qd4 Qxd4 32. cxd4 Nf2+ 33. Kg1 Nd3 34.
a3 Nc1 35. b4 Ne2+ 36. Kf2 Nxd4 37. Nf4 Nb5 38. Nfxd5 Nxa3 39. Nc3 b6 40. Ke2
Nc4 41. Nc2 a5 42. bxa5 bxa5 43. Nd4 Kf6 44. Kd3 Nb6 45. Ne4+ Ke5 46. Nc6+ Kf4
47. Nxa5 Kxf3 48. Ng5+ Kg2 49. Nc6 Kxh2 50. Nxe6 f6 51. Ke4 Kg3 52. Ne7 g5 53.
Ng8 Nd7 54. Kf5 Kh4 55. Nh6 Kh5 56. Ng4 Kh4 57. Nxf6 Nxf6 58. Nxg5 1/2-1/2

[Event "Reykjavik Open 2026"]
[Site "Reykjavik ISL"]
[Date "2026.03.25"]
[Round "1.119"]
[White "Spagnoli, Benjamin"]
[Black "Turner, Jason"]
[Result "1-0"]
[WhiteElo "1890"]
[BlackElo "1684"]
[WhiteFideId "20667116"]
[BlackFideId "39939901"]
[EventDate "2026.03.25"]

1. e4 e6 2. d4 d5 3. exd5 exd5 4. Bd3 Bd6 5. Nf3 Ne7 6. O-O Bg4 7. c4 dxc4 8.
Bxc4 Qd7 9. Qb3 O-O 10. Ng5 Bh5 11. Nd2 Nbc6 12. Ndf3 Na5 13. Qc2 Bg6 14. Bd3
Bxd3 15. Qxd3 Qf5 16. Ne4 Ng6 17. Bd2 Rfe8 18. Qc3 Rxe4 19. Qxa5 b5 20. Rae1 Rg4
21. Qc3 Bf4 22. Qc6 Rf8 23. Bxf4 Nxf4 24. g3 Rg6 25. Qe4 Qg4 26. Ne5 Nh3+ 27.
Kh1 Qxe4+ 28. Rxe4 Rd6 29. f4 f5 30. Re2 g5 31. Kg2 g4 32. Rd2 Rfd8 33. Rfd1 Rd5
34. Nc6 R8d7 35. Nxa7 Kf7 36. Nc6 Kf6 37. Nb4 R5d6 38. d5 c5 39. Nc6 h5 40. a3
Kf7 41. Ne5+ 1-0

[Event "Reykjavik Open 2026"]
[Site "Reykjavik ISL"]
[Date "2026.03.25"]
[Round "1.120"]
[White "Chung, Kevin"]
[Black "Stolyarov, Alan"]
[Result "0-1"]
[WhiteElo "1681"]
[BlackElo "1890"]
[WhiteFideId "30977282"]
[BlackFideId "30906008"]
[EventDate "2026.03.25"]

1. e4 c5 2. Nc3 d6 3. f4 g6 4. Nf3 Bg7 5. Bb5+ Bd7 6. Bxd7+ Qxd7 7. d3 Nc6 8.
O-O Nd4 9. Ne2 Nxf3+ 10. Rxf3 Nf6 11. c3 O-O 12. Rh3 b5 13. Ng3 Qg4 14. Be3
Qxd1+ 15. Rxd1 a5 16. f5 a4 17. d4 Ng4 18. Bf4 cxd4 19. cxd4 Rfc8 20. fxg6 hxg6
21. Ne2 Rc2 22. Rd2 Rac8 23. Rhd3 e5 24. dxe5 dxe5 25. Bg3 Bh6 26. Rxc2 Rxc2 27.
Nc3 Rxb2 28. h3 Ne3 29. Bxe5 f5 30. exf5 gxf5 31. Nd5 Rxg2+ 32. Kh1 Re2 33. Bf4
Nxd5 34. Bxh6 Nb4 35. Rf3 Nxa2 36. Rxf5 b4 37. Rb5 b3 38. Rg5+ Kh7 39. Bg7 a3
40. Rb5 b2 0-1

[Event "Reykjavik Open 2026"]
[Site "Reykjavik ISL"]
[Date "2026.03.25"]
[Round "1.121"]
[White "Gilsdottir, Sara"]
[Black "Bajnath, Dhanesh"]
[Result "0-1"]
[WhiteElo "1681"]
[BlackElo "1889"]
[WhiteFideId "1574337"]
[BlackFideId "40104842"]
[EventDate "2026.03.25"]

1. d4 d5 2. c4 c6 3. Nc3 Nf6 4. Nf3 dxc4 5. a4 Bf5 6. Ne5 Nbd7 7. Nxc4 Qc7 8. f3
e5 9. dxe5 Nxe5 10. e4 Be6 11. Nxe5 Qxe5 12. Be3 Rd8 13. Qc2 Bb4 14. Rc1 O-O 15.
Be2 Nh5 16. O-O Nf4 17. Rf2 Rfe8 18. Bf1 Bc8 19. Na2 Ba5 20. Bc5 Qg5 21. Kh1 0-1

[Event "Reykjavik Open 2026"]
[Site "Reykjavik ISL"]
[Date "2026.03.25"]
[Round "1.122"]
[White "Knight, David"]
[Black "Putnam, Bill Howard"]
[Result "1-0"]
[WhiteElo "1888"]
[BlackElo "1670"]
[WhiteFideId "1040839"]
[BlackFideId "39907791"]
[EventDate "2026.03.25"]

1. e4 c6 2. d4 d5 3. f3 e5 4. Ne2 dxe4 5. fxe4 Bg4 6. Be3 Bxe2 7. Bxe2 Qh4+ 8.
Bf2 Qxe4 9. O-O Be7 10. Nc3 Qf4 11. dxe5 Nh6 12. e6 O-O 13. exf7+ Nxf7 14. Bxa7
Qh6 15. Bb6 Bd6 16. h3 Nd7 17. Bd4 Ng5 18. Bc4+ Kh8 19. Qg4 Ne5 20. Bxe5 Bxe5
21. h4 Nh3+ 22. Qxh3 Rfe8 23. Rad1 b5 24. Bf7 Rf8 25. Ne4 Ra7 26. Ng5 c5 27. Bd5
Qg6 28. Nf7+ Raxf7 29. Bxf7 Qxc2 30. Bb3 Rxf1+ 31. Rxf1 Bd4+ 32. Kh1 1-0

[Event "Reykjavik Open 2026"]
[Site "Reykjavik ISL"]
[Date "2026.03.25"]
[Round "1.123"]
[White "Beyer, Nico"]
[Black "Andresson, Bernardo Tino"]
[Result "1-0"]
[WhiteElo "1668"]
[BlackElo "1888"]
[WhiteFideId "34671080"]
[BlackFideId "1483943"]
[EventDate "2026.03.25"]

1. c4 e5 2. g3 d5 3. cxd5 Qxd5 4. Nf3 Nc6 5. Nc3 Qc5 6. Bg2 Bd6 7. d3 Nf6 8. O-O
Bg4 9. a3 O-O-O 10. Bg5 Nd4 11. Nxd4 exd4 12. Ne4 Qe5 13. Bf4 Qe6 14. Nxd6+ cxd6
15. Qa4 Kb8 16. Qxd4 Nh5 17. Be3 b6 18. Qb4 d5 19. Rfe1 Nf6 20. a4 Nd7 21. a5 h5
22. axb6 Nxb6 23. h3 Bf5 24. Bxb6 Qxb6 25. Qf4+ Qc7 26. Qxf5 Qb7 27. Qe5+ 1-0

[Event "Reykjavik Open 2026"]
[Site "Reykjavik ISL"]
[Date "2026.03.25"]
[Round "1.124"]
[White "Murphy, Dara"]
[Black "Bernstein, Charles B"]
[Result "0-1"]
[WhiteElo "1888"]
[BlackElo "1667"]
[WhiteFideId "2501783"]
[BlackFideId "39970639"]
[EventDate "2026.03.25"]

1. e4 c6 2. Nf3 d5 3. Nc3 d4 4. Ne2 c5 5. Ng3 Nc6 6. Bc4 e5 7. d3 f6 8. h4 Bd6
9. h5 Nge7 10. Nh4 b5 11. Bb3 Na5 12. c3 c4 13. dxc4 bxc4 14. Bxc4 Nxc4 15. Qa4+
Bd7 16. Qxc4 Qa5 17. Nhf5 Nxf5 18. Nxf5 Bf8 19. Bd2 Rc8 20. Qb3 Qa6 21. cxd4
exd4 22. Bb4 Ba4 23. Qa3 Rc2 24. Nxd4 Rc4 25. Bxf8 Rxf8 26. Rd1 Qa5+ 27. b4
Qxb4+ 28. Qxb4 Rxb4 29. Nb3 Rxe4+ 30. Kd2 Kf7 31. Kc3 Rc8+ 32. Kd3 f5 33. f3
Bb5+ 34. Kd2 Re2# 0-1

[Event "Reykjavik Open 2026"]
[Site "Reykjavik ISL"]
[Date "2026.03.25"]
[Round "1.125"]
[White "Sveinsson, Gudmundur Peng"]
[Black "Hermannsson, Sigurbjorn"]
[Result "0-1"]
[WhiteElo "1664"]
[BlackElo "1887"]
[WhiteFideId "2314550"]
[BlackFideId "2325128"]
[EventDate "2026.03.25"]

1. e4 c5 2. Nf3 d6 3. d4 cxd4 4. Nxd4 Nf6 5. Nc3 a6 6. Be2 e5 7. Nb3 Be7 8. Bg5
Be6 9. Bxf6 Bxf6 10. Nd5 Bg5 11. h4 Be7 12. Nxe7 Qxe7 13. Qd3 O-O 14. g4 Nc6 15.
c3 Rfd8 16. Bf3 Rac8 17. Nd2 b5 18. g5 Qc7 19. O-O Ne7 20. Qe2 Ng6 21. h5 Nf4
22. Qe3 Qe7 23. Rfd1 Qxg5+ 24. Kf1 Bh3+ 25. Ke1 Qg1+ 26. Nf1 Qxf1+ 27. Kd2 Qc4
28. Rg1 b4 29. Rac1 Qxa2 30. Rc2 b3 31. Rcc1 Qxb2+ 32. Kd1 Qa2 33. Bg4 Bxg4+ 34.
Rxg4 b2 35. Qg3 bxc1=Q+ 36. Kxc1 Rxc3+ 0-1

[Event "Reykjavik Open 2026"]
[Site "Reykjavik ISL"]
[Date "2026.03.25"]
[Round "1.126"]
[White "Van Meter, Lester"]
[Black "Seshadri, Sridhar"]
[Result "1-0"]
[WhiteTitle "FM"]
[WhiteElo "1882"]
[BlackElo "1658"]
[WhiteFideId "2001691"]
[BlackFideId "30913942"]
[EventDate "2026.03.25"]

1. c4 c5 2. Nf3 Nc6 3. g3 e5 4. Nc3 Nge7 5. Bg2 d6 6. d3 h6 7. Nd2 Be6 8. Nf1 g6
9. Ne3 Bg7 10. Ned5 O-O 11. O-O Kh7 12. a3 f5 13. b4 Bxd5 14. cxd5 e4 15. dxc6
Bxc3 16. cxb7 Rb8 17. Rb1 Rxb7 18. dxe4 fxe4 19. Bxh6 Bg7 20. Bxg7 Kxg7 21. bxc5
Rxb1 22. Qxb1 dxc5 23. Bxe4 Qd4 24. e3 Qa4 25. Qa1+ Kh6 26. Qe5 Rf7 27. Qh8+ Rh7
28. Qf8+ Rg7 29. Qf4+ g5 30. Qd6+ Ng6 31. Bxg6 Rxg6 32. Qxc5 Rc6 33. Qf8+ Kh5
34. h3 Ra6 35. Qg7 g4 36. Rc1 Ra5 37. Qxg4+ Qxg4 38. hxg4+ Kxg4 39. Rc4+ Kg5 40.
a4 Rd5 41. Kg2 a5 42. e4 1-0

[Event "Reykjavik Open 2026"]
[Site "Reykjavik ISL"]
[Date "2026.03.25"]
[Round "1.127"]
[White "B. Berglindardottir, Emilia Embla"]
[Black "Todmunkh, Turbat"]
[Result "0-1"]
[WhiteElo "1656"]
[BlackElo "1880"]
[WhiteFideId "2318946"]
[BlackFideId "4925084"]
[EventDate "2026.03.25"]

1. d4 Nf6 2. c4 c5 3. d5 e6 4. Nc3 exd5 5. cxd5 g6 6. e4 d6 7. Nf3 Bg7 8. Bd3
O-O 9. O-O Bg4 10. h3 Bxf3 11. Qxf3 a6 12. a4 Nbd7 13. Bf4 Qe7 14. Qg3 Ne8 15.
Be3 Rc8 16. f4 c4 17. Bc2 Nc5 18. Qf3 Nb3 19. Rab1 Qd7 20. Qd1 Nc5 21. f5 b5 22.
axb5 axb5 23. Ne2 b4 24. b3 cxb3 25. Bxb3 Nxe4 26. Ba4 Qe7 27. fxg6 Nc3 28. Nxc3
Qxe3+ 29. Rf2 bxc3 30. gxh7+ Kh8 31. Qc2 Bd4 32. Rf1 Qd2 33. Qf5 Ng7 34. Qg4 c2
35. Kh2 Qxf2 36. Rxf2 c1=Q 37. Qxd4 Qc4 38. Qxc4 Rxc4 39. Bc6 Kxh7 40. Rf6 Ne8
41. Bxe8 Rxe8 42. Rxf7+ Kg8 43. Rd7 Rd4 44. Rxd6 Re5 45. Rd8+ Kg7 46. Rd7+ Kg6
47. d6 Red5 48. Rd8 Rxd6 49. Rg8+ Kh7 50. Rg5 Rd1 51. h4 R6d4 52. g3 R4d2+ 53.
Kh3 Rh1+ 54. Kg4 Rd4+ 55. Kf5 Rd5+ 56. Kg4 Rxg5+ 57. Kxg5 Rf1 58. g4 Kg7 59. Kh5
Rf8 60. Kg5 Rf6 61. h5 Ra6 62. Kf5 Ra5+ 63. Kf4 Kh6 64. Kf3 Ra4 65. Kg3 Kg5 0-1

[Event "Reykjavik Open 2026"]
[Site "Reykjavik ISL"]
[Date "2026.03.25"]
[Round "1.128"]
[White "Geistlich, Alex"]
[Black "Koppe, Cordelia"]
[Result "1-0"]
[WhiteElo "1879"]
[BlackElo "1656"]
[WhiteFideId "1373013"]
[BlackFideId "16232119"]
[EventDate "2026.03.25"]

1. d4 d5 2. Nf3 Nf6 3. e3 Bf5 4. c4 e6 5. Qb3 b6 6. Nc3 Be7 7. cxd5 exd5 8. Ne5
O-O 9. Be2 a6 10. g4 Be6 11. h4 Ne4 12. Nxe4 dxe4 13. Qc2 Bxh4 14. Bc4 Bxc4 15.
Qxc4 Bg5 16. a4 Qe7 17. Bd2 Rc8 18. Qc2 Nd7 19. Nxd7 Qxd7 20. Qxe4 Re8 21. Qxh7+
Kf8 22. Bb4+ c5 23. dxc5 Qxg4 24. Bd2 bxc5 25. Qh8+ Ke7 26. Qxg7 Qf5 27. Bc3 Bf6
28. Qxf6+ Qxf6 29. Bxf6+ Kxf6 30. Rc1 Re5 31. Ke2 a5 32. Rh6+ Kf5 33. Rh5+ Ke6
34. Rxe5+ 1-0

[Event "Reykjavik Open 2026"]
[Site "Reykjavik ISL"]
[Date "2026.03.25"]
[Round "1.129"]
[White "Song, Jeffrey"]
[Black "Puffaldt, Yorik"]
[Result "1-0"]
[WhiteElo "1653"]
[BlackElo "1877"]
[WhiteFideId "30976987"]
[BlackFideId "34634444"]
[EventDate "2026.03.25"]

1. d4 Nf6 2. c4 Nc6 3. Nf3 e6 4. Nc3 Bb4 5. Qc2 d5 6. e3 Ne4 7. Bd3 f5 8. O-O
O-O 9. Ne2 Be7 10. a3 a5 11. b3 g5 12. Bb2 Bd7 13. Ne5 Nxe5 14. dxe5 c6 15. Rad1
Qb6 16. Bd4 c5 17. Bb2 a4 18. f3 axb3 19. Qc1 dxc4 20. Bxc4 Bb5 21. fxe4 fxe4
22. Ng3 Rxf1+ 23. Rxf1 Ra4 24. Bxb5 Qxb5 25. Qd2 Qe8 26. Qd1 Rc4 27. Qxb3 b5 28.
a4 Qg6 29. axb5 Rb4 30. Qa2 h5 31. Nf5 Bf8 32. Nd6 g4 33. Bc3 1-0

[Event "Reykjavik Open 2026"]
[Site "Reykjavik ISL"]
[Date "2026.03.25"]
[Round "1.130"]
[White "Ekam Singh"]
[Black "Birgisson, Hilmar Freyr"]
[Result "1-0"]
[WhiteElo "1875"]
[BlackElo "1651"]
[WhiteFideId "33334234"]
[BlackFideId "2322943"]
[EventDate "2026.03.25"]

1. d4 f5 2. g3 Nf6 3. Bg2 e6 4. c4 Be7 5. Nc3 O-O 6. Nf3 d6 7. Bg5 Ne4 8. Bxe7
Qxe7 9. Nxe4 fxe4 10. Nd2 e3 11. fxe3 e5 12. Qb3 c6 13. Nf3 Nd7 14. O-O Nf6 15.
c5+ Be6 16. cxd6 Qd7 17. Nxe5 Qxd6 18. Qxb7 Bd5 19. Bxd5+ cxd5 20. b3 a5 21.
Rac1 Qe6 22. Rc7 Qh3 23. Rxf6 Rxf6 24. Qxa8+ Rf8 25. Qxd5+ Kh8 26. Nf7+ Rxf7 27.
Qd8+ 1-0

[Event "Reykjavik Open 2026"]
[Site "Reykjavik ISL"]
[Date "2026.03.25"]
[Round "1.131"]
[White "Zhu, Aiden"]
[Black "Pollitt, Henry"]
[Result "0-1"]
[WhiteElo "1651"]
[BlackElo "1864"]
[WhiteFideId "2654288"]
[BlackFideId "2644916"]
[EventDate "2026.03.25"]

1. e4 e6 2. c4 d5 3. exd5 exd5 4. cxd5 Nf6 5. Bc4 Nxd5 6. Qh5 Be6 7. Ne2 Nc6 8.
Nbc3 Nf6 9. Qb5 a6 10. Qb3 Na5 11. Qa4+ b5 12. Qxa5 Bxc4 13. a4 b4 14. Qe5+ Be7
15. Nd1 O-O 16. Qd4 Qxd4 17. Nxd4 Bc5 18. Ne2 Rfe8 19. Ne3 Bxe2 20. Kxe2 b3 21.
Rd1 Rad8 22. Kf3 Rd3 23. Re1 Red8 24. Ke2 g6 25. f3 Bb4 26. Rd1 Nh5 27. g3 f5
28. Ng2 c5 29. a5 Kf7 30. Ne1 R3d4 31. Ng2 c4 32. Rb1 Ng7 33. Ne3 Ne6 34. f4 Nc5
35. Kf3 Ne4 36. Ra1 Bxd2 37. Bxd2 Rxd2 38. Rxd2 Nxd2+ 39. Ke2 c3 40. Nd1 c2 41.
Ne3 Ne4 42. Nc4 Rd4 43. Ne5+ Ke6 44. Nf3 Rc4 45. Rc1 Kd5 46. Ke3 Nc3 47. Nd2 Na2
48. Nxb3 Nxc1 49. Nxc1 Ra4 50. Kd2 Rxa5 51. Kxc2 Ke4 52. Nb3 Rd5 53. Kc3 Kf3 54.
Kc4 Rd1 55. Nc5 Rd2 56. b4 Ra2 57. Kb3 Rxh2 58. Nxa6 Kxg3 59. b5 Rh1 60. Nb4 Re1
61. Kc4 h5 62. b6 h4 63. Nc6 h3 64. b7 Re8 65. Na7 Rb8 66. Nc6 Rxb7 67. Nd4 h2
68. Ne2+ Kf2 69. Nd4 h1=Q 70. Kc5 Qe4 71. Nc6 Rc7 72. Kd6 Rxc6+ 73. Kd7 Qe6+ 74.
Kd8 Rc8# 0-1

[Event "Reykjavik Open 2026"]
[Site "Reykjavik ISL"]
[Date "2026.03.25"]
[Round "1.132"]
[White "Kleinert, Juergen"]
[Black "Olszewski, Milosz Ulfur"]
[Result "1-0"]
[WhiteElo "1863"]
[BlackElo "1646"]
[WhiteFideId "4659180"]
[BlackFideId "2330199"]
[EventDate "2026.03.25"]

1. e4 c5 2. c3 Nf6 3. e5 Nd5 4. d4 cxd4 5. Nf3 Nc6 6. cxd4 d6 7. Bc4 Nb6 8. Bb5
Bd7 9. Nc3 e6 10. O-O d5 11. Be3 Be7 12. Ne1 O-O 13. f4 a6 14. Bd3 Rc8 15. Rc1
Nb4 16. Bb1 Nc4 17. Qe2 Nxe3 18. Qxe3 f6 19. Nf3 Qb6 20. Kh1 f5 21. Rg1 Be8 22.
h3 h5 23. Qf2 Qd8 24. Rcf1 g5 25. g4 hxg4 26. hxg4 fxg4 27. Qh2 Rf7 28. Rxg4 Rg7
29. Rfg1 Bf7 30. Nxg5 Bxg5 31. Rxg5 Rxg5 32. Rxg5+ Kf8 33. Bg6 Ke7 34. Bxf7 Kxf7
35. Qh7+ Ke8 36. Rg8# 1-0

[Event "Reykjavik Open 2026"]
[Site "Reykjavik ISL"]
[Date "2026.03.25"]
[Round "1.133"]
[White "Manuel dos Santos, Fabio"]
[Black "Singh, Ian Avery"]
[Result "0-1"]
[WhiteElo "1644"]
[BlackElo "1863"]
[WhiteFideId "533009511"]
[BlackFideId "39902676"]
[EventDate "2026.03.25"]

1. e4 c5 2. Nc3 d6 3. g3 g6 4. Bg2 Bg7 5. f4 Nc6 6. Nf3 e6 7. O-O Nge7 8. Qe1
O-O 9. e5 dxe5 10. Nxe5 Nxe5 11. fxe5 Qd4+ 12. Kh1 Qxe5 13. Qxe5 Bxe5 14. Ne4 c4
15. Nf6+ Bxf6 16. Rxf6 Nf5 17. b3 c3 18. dxc3 Kg7 19. Bg5 h6 20. Rxf5 exf5 21.
Be3 a5 22. Re1 Ra6 23. Bf1 Re6 24. Bc4 Ree8 25. Bb5 Rd8 26. Bb6 Rd2 27. Bd3 Bd7
28. Re2 Bc6+ 29. Kg1 Rxe2 30. Bxe2 a4 31. Kf2 Be4 32. Bf3 Bxf3 33. Kxf3 axb3 34.
cxb3 Re8 35. a4 g5 36. h3 h5 37. g4 fxg4+ 38. hxg4 h4 39. b4 Kg6 40. Kg2 f5 41.
gxf5+ Kxf5 42. a5 g4 43. Bg1 Re2+ 44. Kf1 Ra2 45. Bf2 g3 0-1

[Event "Reykjavik Open 2026"]
[Site "Reykjavik ISL"]
[Date "2026.03.25"]
[Round "1.134"]
[White "Gain, Soheil"]
[Black "Niori, Toma"]
[Result "1/2-1/2"]
[WhiteElo "1862"]
[BlackElo "1639"]
[WhiteFideId "646563"]
[BlackFideId "7006519"]
[EventDate "2026.03.25"]

1. d4 d5 2. Nc3 Nf6 3. Bf4 c6 4. Nf3 Bf5 5. e3 Nbd7 6. Ne5 h6 7. Bd3 Bxd3 8.
cxd3 e6 9. O-O Bb4 10. Qb3 Qb6 11. Na4 Qb5 12. Qc2 O-O 13. a3 Be7 14. h3 Rac8
15. b4 Qa6 16. Rfc1 Nxe5 17. Bxe5 Nd7 18. Bg3 Bd8 19. Nc5 Nxc5 20. dxc5 Bc7 21.
Bxc7 Rxc7 22. d4 Qb5 23. Rcb1 a5 24. a4 Qa6 25. b5 Qa8 26. bxc6 bxc6 27. Rb6 Rb8
28. Rab1 Rcb7 29. R1b2 Qa7 30. Qb1 Rxb6 31. Rxb6 Rxb6 32. Qxb6 Qa8 33. Kh2 Kh7
34. Kg3 Kg6 35. Kf4 Kf6 36. h4 g5+ 37. hxg5+ hxg5+ 38. Kf3 Kg6 39. g3 Kf6 40.
Kg2 Kg6 41. Kf3 Kf6 42. Kg2 Kg6 1/2-1/2

[Event "Reykjavik Open 2026"]
[Site "Reykjavik ISL"]
[Date "2026.03.25"]
[Round "1.135"]
[White "Lorenz, Constantin"]
[Black "Jorgensen, Peter"]
[Result "1/2-1/2"]
[WhiteElo "1637"]
[BlackElo "1862"]
[WhiteFideId "34672877"]
[BlackFideId "1482556"]
[EventDate "2026.03.25"]

1. e4 Nc6 2. d4 e5 3. Nf3 Nxd4 4. Nxd4 exd4 5. Qxd4 Qf6 6. Be3 Qxd4 7. Bxd4 d6
8. Nc3 c6 9. O-O-O Ne7 10. Be3 Ng6 11. g3 Be7 12. f4 O-O 13. h4 Bg4 14. Be2 Bxe2
15. Nxe2 Rfd8 16. Nd4 Rd7 17. h5 Nh8 18. Nf5 Bf8 19. Bc5 Rad8 20. Bxa7 Ra8 21.
Bc5 Rxa2 22. Kb1 Ra4 23. Bxd6 Bxd6 24. Nxd6 Ra8 25. e5 Rad8 26. Kc1 Ra8 27. Kb1
Rad8 28. Kc1 Ra8 29. Kb1 1/2-1/2

[Event "Reykjavik Open 2026"]
[Site "Reykjavik ISL"]
[Date "2026.03.25"]
[Round "1.136"]
[White "Isleifsson, Runar"]
[Black "Steiner, Peter Markus"]
[Result "0-1"]
[WhiteElo "1860"]
[BlackElo "1634"]
[WhiteFideId "2305917"]
[BlackFideId "12938491"]
[EventDate "2026.03.25"]

1. e4 e6 2. d4 d5 3. Nc3 Bb4 4. Bd3 c5 5. a3 Bxc3+ 6. bxc3 Ne7 7. dxc5 Nbc6 8.
Be3 O-O 9. Ne2 e5 10. O-O f5 11. exd5 Qxd5 12. f3 Be6 13. Bb5 Qxd1 14. Rfxd1 Nd5
15. Bf2 Rfd8 16. Rd2 g5 17. Rad1 Rd7 18. Bc4 Rad8 19. Bxd5 Rxd5 20. Rxd5 Rxd5
21. Rxd5 Bxd5 22. Nc1 Kf7 23. Kf1 Ke6 24. Nb3 Bc4+ 25. Ke1 Kd5 26. Kd2 h6 27.
Nc1 Bf1 28. g3 Bg2 29. Ke2 e4 30. fxe4+ Bxe4 31. Kd2 Ne5 32. h4 Nc4+ 33. Kd1
Bf3+ 34. Ne2 Nxa3 35. Kd2 Nc4+ 36. Ke1 Bxe2 37. Kxe2 a5 38. hxg5 hxg5 39. Kd3
Ne5+ 40. Kd2 Ke4 41. Ke2 Nc4 42. Bd4 f4 43. gxf4 gxf4 44. Bf2 Ne5 45. Bd4 Nc6
46. Bh8 a4 47. Bf6 a3 48. Kd2 a2 49. c4 Nd4 0-1

[Event "Reykjavik Open 2026"]
[Site "Reykjavik ISL"]
[Date "2026.03.25"]
[Round "1.137"]
[White "Beatty, Samuel"]
[Black "Meeuwissen, Morris"]
[Result "0-1"]
[WhiteElo "1633"]
[BlackElo "1857"]
[WhiteFideId "1344390"]
[BlackFideId "40107418"]
[EventDate "2026.03.25"]

1. d4 Nf6 2. c4 e6 3. Nc3 Bb4 4. Qc2 Nc6 5. Nf3 d6 6. a3 Bxc3+ 7. Qxc3 a5 8. e3
a4 9. Bd3 Qe7 10. O-O e5 11. dxe5 dxe5 12. Nd2 e4 13. Be2 O-O 14. b4 axb3 15.
Nxb3 Rd8 16. Bb2 Bg4 17. Bxg4 Rd3 18. Qc2 Nxg4 19. h3 Nge5 20. Nd4 Qc5 21. Nxc6
Nxc6 22. Rfd1 Rad8 23. Rxd3 exd3 24. Qc3 f6 25. Rd1 Ne5 26. Qb3 Qxc4 27. Qc3
Qxc3 28. Bxc3 Nc4 29. Bb4 b6 30. Ra1 d2 31. Rd1 c5 32. Bc3 Rd3 33. Ba1 Rxa3 34.
Kf1 b5 35. Ke2 b4 36. g4 b3 37. Bc3 b2 38. Bxb2 Nxb2 39. Rxd2 Na4 40. Rc2 Ra2
41. Rxa2 Nc3+ 42. Kd3 Nxa2 43. Kc4 Nc1 44. f4 Kf7 45. Kxc5 Nd3+ 46. Kd6 Nf2 47.
g5 fxg5 48. f5 Kf6 0-1

[Event "Reykjavik Open 2026"]
[Site "Reykjavik ISL"]
[Date "2026.03.25"]
[Round "1.138"]
[White "Gudnyjarson, Sigurdur Pall"]
[Black "Tant, Sander"]
[Result "1-0"]
[WhiteElo "1856"]
[BlackElo "1623"]
[WhiteFideId "2321637"]
[BlackFideId "281166"]
[EventDate "2026.03.25"]

1. d4 d5 2. c4 c6 3. Nf3 Nf6 4. g3 dxc4 5. Bg2 Bf5 6. O-O e6 7. Ne5 Nbd7 8. Nxc4
Be7 9. Nc3 O-O 10. Re1 Bg6 11. e4 Bb4 12. Bf4 Bxc3 13. bxc3 Ne8 14. h4 h6 15.
Qb3 Nb6 16. Ne5 Bh7 17. a4 Qe7 18. a5 Nc8 19. a6 Ned6 20. axb7 Qxb7 21. Qxb7
Nxb7 22. Nxc6 a5 23. e5 Ra6 24. c4 a4 25. Re2 Bd3 26. Rb2 Nd8 27. Nb4 a3 28.
Rba2 Bxc4 29. Nxa6 Bxa6 30. Rxa3 Be2 31. Rb1 Ne7 32. Rb6 Bc4 33. Ra8 Bd5 34.
Bxd5 Nxd5 35. Rbb8 Nc7 36. Ra7 Nd5 37. Rc8 Nb6 38. Rc5 f5 39. exf6 Rxf6 40. Rb5
Nd5 41. Rb8 Rf8 42. Raa8 Nxf4 43. gxf4 Rxf4 44. Rxd8+ Kh7 45. h5 1-0

[Event "Reykjavik Open 2026"]
[Site "Reykjavik ISL"]
[Date "2026.03.25"]
[Round "1.139"]
[White "De Hart, Arthur"]
[Black "Klasinc, Kristjan"]
[Result "0-1"]
[WhiteElo "1611"]
[BlackElo "1853"]
[WhiteFideId "1044192"]
[BlackFideId "12966460"]
[EventDate "2026.03.25"]

1. e4 d6 2. d4 Nf6 3. Nc3 e5 4. dxe5 dxe5 5. Qxd8+ Kxd8 6. Bg5 Be6 7. O-O-O+ Kc8
8. Kb1 Bc5 9. f3 c6 10. Na4 Be7 11. Be3 Nbd7 12. c4 Kc7 13. Nh3 h6 14. Nf2 Rhb8
15. Be2 Nb6 16. Nxb6 axb6 17. f4 Bc5 18. Bxc5 bxc5 19. f5 Bc8 20. b3 b5 21. cxb5
cxb5 22. Rc1 Kc6 23. Nd3 Nd7 24. Nb4+ Kb6 25. Nd5+ Ka5 26. a3 Ra7 27. b4+ Ka6
28. bxc5 Nf6 29. Nb4+ Kb7 30. Bxb5 Rxa3 31. Bc6+ Kc7 32. Kb2 Ra6 33. Kc3 Rxc6
34. Nxc6 Kxc6 35. Kd3 Ba6+ 36. Ke3 Rb3+ 37. Kd2 Nxe4+ 0-1

[Event "Reykjavik Open 2026"]
[Site "Reykjavik ISL"]
[Date "2026.03.25"]
[Round "1.140"]
[White "Blokzijl, Ruben"]
[Black "Dufour, Jakob"]
[Result "1/2-1/2"]
[WhiteElo "1851"]
[BlackElo "1609"]
[WhiteFideId "1091964"]
[BlackFideId "282146"]
[EventDate "2026.03.25"]

1. f4 Nf6 2. Nf3 c5 3. e3 g6 4. b3 Bg7 5. Bb2 O-O 6. Be2 d6 7. O-O Nc6 8. c4 Bf5
9. d3 Bd7 10. Nbd2 Ng4 11. Bxg7 Kxg7 12. Qc1 Nxe3 13. Re1 Nf5 14. Qb2+ Kg8 15.
Bf1 Ncd4 16. g3 Nxf3+ 17. Nxf3 Bc6 18. Bg2 Re8 19. g4 Ng7 20. d4 cxd4 1/2-1/2

[Event "Reykjavik Open 2026"]
[Site "Reykjavik ISL"]
[Date "2026.03.25"]
[Round "1.141"]
[White "Aoun, Karim"]
[Black "Hisnay, Gregory"]
[Result "1/2-1/2"]
[WhiteElo "1607"]
[BlackElo "1846"]
[WhiteFideId "5314216"]
[BlackFideId "2093421"]
[EventDate "2026.03.25"]

1. e4 e5 2. Nf3 Nf6 3. Nxe5 d6 4. Nf3 Nxe4 5. d3 Nf6 6. Be2 Be7 7. h3 O-O 8. O-O
d5 9. Be3 Nc6 10. c3 Re8 11. Re1 Bd6 12. Nbd2 Ne7 13. Nd4 a6 14. b4 Nf5 15. Nxf5
Bxf5 16. Nf3 Rc8 17. a4 c5 18. bxc5 Bxc5 19. Nd4 Qd7 20. Nxf5 Qxf5 21. d4 Bd6
22. Qb3 Re7 23. c4 Qe6 24. c5 Bb8 25. a5 h6 26. Bf3 Qc6 27. Reb1 Qc7 28. Bxd5
Rce8 29. Bf3 Qh2+ 30. Kf1 Ne4 31. Ke2 Ng5 32. Bxb7 Ne6 33. Kd3 Rd8 34. d5 Qe5
35. Qc4 Qf5+ 36. Kd2 Be5 37. d6 Rxb7 38. Rxb7 Bxa1 39. d7 Qe5 40. c6 Qd6+ 41.
Ke2 Be5 42. g3 g5 43. Qxa6 Nc7 44. Qb6 Kg7 45. a6 Nd5 46. Qxd8 Nc3+ 47. Kf1 Qd3+
48. Kg2 Qe4+ 49. Kg1 Ne2+ 50. Kh2 1/2-1/2